Polskie miasta według anagramów - Statystyki

Ogólne statystyki
  • Ten quiz został rozwiązany 2 450 razy
  • Średni wynik to 8 z 15
Statystyki odpowiedzi
Anagram Miasto % Poprawnych
Krówka Kraków
96%
Szalik Kalisz
81%
Morda Radom
79%
Indyga Gdynia
72%
Oś zaćm Zamość
71%
Pułk SS Słupsk
65%
Pokazane Zakopane
65%
Noc, hełm Chełmno
64%
Ceglani Legnica
46%
I kot słaby. Białystok
44%
Ukwasił Suwałki
42%
Wio, cessno! Sosnowiec
32%
Rózga naolei. Zielona Góra
25%
Stój! Zbieraj rdzę! Jastrzębie-Zdrój
24%
Serce Inki wie. Skierniewice
24%
Nie znaleziono quizów pasujących do podanych kryteriów
Rozkład punktacji
Procent ludzi z każdym wynikiem
Percentyl według liczby udzielonych odpowiedzi
Twoja historia wyników
Nie rozwiązałeś tego quizu